| 000 | 00000nas##2200000za#4500 |
| 001 | 9.514646 |
| 003 | CaOODSP |
| 005 | 20210929082751 |
| 007 | ta |
| 008 | 150406c1997||||xxc|| m #||||f| |0eng|d |
| 022 | |a1209-6571 |
| 040 | |aCaOODSP|beng |
| 043 | |an-cn--- |
| 086 | 1 |aFo29-47E |
| 110 | 1 |aCanada. |bNatural Resources Canada. |bCanadian Forest Service. |
| 245 | 10|aTechnology transfer note : |bforestry research applications / |cIssued by the Pacific Forestry Centre. |
| 260 | |aVictoria - British Columbia : |bNatural Resources Canada. |
| 310 | |aIrregular |
| 362 | 1 |aNo. 1, July 1997-- |
| 520 | 3 |aThese notes describe recent forestry research with management applications conducted by the Pacific Forestry Centre in British Columbia. A summary of the research and its management implications is followed by a listing of relevant scientific articles and a forestry centre contact. |
| 563 | |aPamphlet |
| 775 | 08|tNotes de transfert technologique : |w(CaOODSP)9.513024 |
| 776 | 0#|tTechnology transfer note : |w(CaOODSP)9.504768 |
| 785 | 00|tTechnology transfer note : |w(CaOODSP)9.515327 |